00650 2200241 4500001002100000005001500021035002000036007000300056008004100059082001400100084001400114245003700128300003400165650001200199264005600211336002100267337003000288338002300318040002200341440002200363850001200385990001100397INLIS00000000089087820241008091215 a0010-1024000071ta241008s1981 xx a b ind d04223a398.2 a398.2 RAS aRasa sangat masam buah belimbing a18 halaman :bgambar ;c21 cm 4aDongeng31atempat terbit tidak teridentifikasi :bIntan,c1981 2rdacontentateks 2rdamediaatanpa perantara 2rdacarrieravolume aYOPDYOGbinderda aSeri Hasta Carita aYOPDYOG a2957-P